Welcome to Marium Abdulla Library

Embrace knowledge with a breath of fresh air.

Browse Collection

Marium Abdulla Library

Professional Guide to Photo Data (Record no. 15415)

MARC details
000 -LEADER
fixed length control field 00505nam a2200217Ia 4500
001 - CONTROL NUMBER
control field 9183
003 - CONTROL NUMBER IDENTIFIER
control field OSt
005 - DATE AND TIME OF LATEST TRANSACTION
control field 20260106155255.0
008 - FIXED-LENGTH DATA ELEMENTS--GENERAL INFORMATION
fixed length control field 260106s9999 xx 000 0 und d
020 ## - INTERNATIONAL STANDARD BOOK NUMBER
International Standard Book Number 185732692X
040 ## - CATALOGING SOURCE
Transcribing agency IVS
082 ## - DEWEY DECIMAL CLASSIFICATION NUMBER
Classification number 771 PLA
Item number 9183
100 ## - MAIN ENTRY--PERSONAL NAME
Personal name Platt, Richard
245 #0 - TITLE STATEMENT
Title Professional Guide to Photo Data
250 ## - EDITION STATEMENT
Edition statement 3rd Edition Fully Revised and Updated
260 ## - PUBLICATION, DISTRIBUTION, ETC.
Place of publication, distribution, etc. London
260 ## - PUBLICATION, DISTRIBUTION, ETC.
Name of publisher, distributor, etc. Mitchell Beazley
260 ## - PUBLICATION, DISTRIBUTION, ETC.
Date of publication, distribution, etc. 1995
300 ## - PHYSICAL DESCRIPTION
Extent 144
942 ## - ADDED ENTRY ELEMENTS (KOHA)
Koha item type Book
Source of classification or shelving scheme Dewey Decimal Classification
Suppress in OPAC No
Holdings
Date last seen Total checkouts Full call number Barcode Price effective from Koha item type Lost status Source of classification or shelving scheme Damaged status Not for loan Collection Withdrawn status Home library Current library Shelving location Date acquired Source of acquisition Cost, normal purchase price
01/06/2026   771 PLA 9183 10/26/2021 Book   Dewey Decimal Classification     Communication Design   Marium Abdulla Library Marium Abdulla Library Non-Ref 04/01/2009 Khalil Ahmed Books 100.00